000
00255nam a2200097Ia 4500
001
695446
005
20250826161953.0
008
250824s9999 xx 000 0 und d
245
0
_a
BOSTAN (ANTİK)
_c
SADIK YALSIZUÇANLAR
260
_b
ANTİK DÜNYA KLASİKLERİ
999
_c
695446
_d
695446